000 00972nam a2200253 a 4500
001 000013839
005 20250924073801.0
008 091130s1992 dr b 000 0 spa d
040 _aDO-SdBNP
_bspa
_cBNPHU
082 _a551.41
_bT853r
100 1 _aTroncoso, Bolívar
_d1950-
_931344
245 1 0 _aRegiones geomorfológicas de la Isla Española o de Santo Domingo /
_cBolívar Trancoso.
250 _a4 ed.
260 _aSanto Domingo :
_bUniversitaria,
_c1992.
300 _a80 p. :
_bmap. ;
_c20 cm.
490 1 _aPublicaciones de la Universidad Autónoma de Santo Domingo
_v682
490 1 _aCiencia y Tecnología
_v26
500 _aIncluye datos biográficos del autor en la contracubierta
650 4 _aGeomorfología
_zRepública Dominicana
_931345
650 4 _aGeografía física
_zRepública Dominicana
_931346
830 _aPublicaciones de la Universidad Autónoma de Santo Domingo
_v682
_952
830 0 _aCiencia y Tecnología
_v26
_917780
049 _aBNPD
999 _c13450
_d13450